=LDR 00000nam 2200000 4500 =001 INLIS000000000006587 =005 20251111012009 =035 ##$$a 0010-1125000461 =007 ta =008 251111###########################0#ind## =082 ##$$a 618.109598 =084 ##$$a 618.109598 ARI p =100 #$$a Ariawan Soejoenoes =245 1#$$a Pelaksanaan Penelitian Kesehatan K.I.A ( Penelitian Kematian Maternal Dan Perinatal ) Di Jawa Tengah : $b - /$c Ariawan Soejoenoes ; Badan Koordinasi Keluarga Berencana Nasional =260 ##$:$b Badan Koordinasi Keluarga Berencana Nasional,$c 1989 =300 ##$$a 19 hal : $b - ; $c 21 cm =650 #4$$a Keluarga Berencana =710 #$$a Badan Koordinasi Keluarga Berencana Nasional =856 ##$$a Perpustakaan Kemendukbangga